| 000 | 01404pam a2200421 a 4500 | ||
|---|---|---|---|
| 001 | 3903992 | ||
| 003 | OSt | ||
| 005 | 20140310184417.0 | ||
| 008 | 910110s1991 nyua j 000 1deng | ||
| 010 | _a 91000100 | ||
| 020 | _a059044414X | ||
| 040 |
_aDLC _cDLC _dDLC |
||
| 042 | _alcac | ||
| 043 |
_an------ _as------ _ae-sp--- |
||
| 050 | 0 | 0 |
_aE 111 _b.M35 1991 |
| 100 | 1 |
_aMarzollo, Jean. _96141 |
|
| 245 | 1 | 0 |
_aIn 1492 / _c Jean Marzollo ; illustrated by Steve Björkman. |
| 260 |
_aNew York : _bScholastic, _c1991. |
||
| 300 |
_bcol. ill. ; _c27 cm. |
||
| 521 | _aG2 | ||
| 526 | _c310 | ||
| 600 | 1 | 0 |
_aColumbus, Christopher _vJuvenile literature. _926487 |
| 600 | 1 | 1 |
_aColumbus, Christopher. _913542 |
| 650 | 1 |
_aExplorers. _911190 |
|
| 651 | 0 |
_aAmerica _xDiscovery and exploration _xSpanish _vJuvenile literature. _926488 |
|
| 651 | 1 |
_aAmerica _xDiscovery and exploration _xSpanish. _926489 |
|
| 700 | 1 |
_aBjörkman, Steve, _eill. _926490 |
|
| 740 | 0 | _aIn fourteen hundred ninety two. | |
| 906 |
_a7 _bcbc _corignew _d1 _eocip _f19 _gy-gencatlg |
||
| 942 |
_2lcc _cBK-SCHOLAS |
||
| 999 |
_c34182 _d34182 |
||